000 00809nam a22002177a 4500
001 8133
003 FISKH
005 20250827142738.0
008 250827b cb ||||| |||| 00| 0 eng d
020 _a9781592237067
040 _aFISKH
_beng
_cFISKH
_dFISKH
082 _a599.756
100 _aBeck, Paul
245 _aUncover a Tiger :
_cWritten by Paul Beck
260 _aSan Diego :
_bSilver Books,
_c2007.
300 _a16 unnumbered pages :
_bcolor illustrations ;
_c30 cm
520 _aA book and model combination examines the internal structure, including organs and bones, of tigers and discusses their life cycle, habitat, physical characteristics, and how these physical characteristics affect their behavior.
650 _aAnimals
_vBig cats
_xCats
942 _2ddc
_cBK
_n0
999 _c8133
_d8133